| 000 | 00354nam a2200133 4500 | ||
|---|---|---|---|
| 999 |
_c12195 _d12195 |
||
| 008 | 210121b ||||| |||| 00| 0 eng d | ||
| 082 | 0 | 0 |
_a891.43 _bS61735 |
| 100 |
_94377 _aSingh, Gurdial |
||
| 245 | 1 | 0 |
_aParsa (Novel) / _cby Gurdial Singh |
| 260 |
_aHaryana : _bAdhar Prakashan, _c1995. |
||
| 300 | _a367 p. | ||
| 650 | 0 | _aHindi fiction | |
| 942 |
_2ddc _cBK |
||